<?xml version="1.0" encoding="UTF-8"?>
<record
    xmlns:xsi="http://www.w3.org/2001/XMLSchema-instance"
    xsi:schemaLocation="http://www.loc.gov/MARC21/slim http://www.loc.gov/standards/marcxml/schema/MARC21slim.xsd"
    xmlns="http://www.loc.gov/MARC21/slim">

  <leader>01787nam a22002777a 4500</leader>
  <controlfield tag="001">44477</controlfield>
  <controlfield tag="003">BD-RjUL</controlfield>
  <controlfield tag="005">20211209053850.0</controlfield>
  <controlfield tag="008">160718m19661963pk ||||| |||| 00| 0 ben d</controlfield>
  <datafield tag="035" ind1=" " ind2=" ">
    <subfield code="a">(BD-RjUL)44595</subfield>
  </datafield>
  <datafield tag="040" ind1=" " ind2=" ">
    <subfield code="a">BD-RjUL</subfield>
    <subfield code="b">ben </subfield>
    <subfield code="c">BD-RjUL</subfield>
  </datafield>
  <datafield tag="041" ind1=" " ind2=" ">
    <subfield code="a">ben</subfield>
  </datafield>
  <datafield tag="082" ind1=" " ind2=" ">
    <subfield code="2">23 </subfield>
    <subfield code="a">297.44 </subfield>
    <subfield code="b">GAB V-5-9 1963-1966 </subfield>
  </datafield>
  <datafield tag="100" ind1="1" ind2=" ">
    <subfield code="a">&#x997;&#x9BE;&#x99C;&#x9CD;&#x99C;&#x9BE;&#x9B2;&#x9C0;, &#x987;&#x9AE;&#x9BE;&#x9AE; </subfield>
    <subfield code="9">136507</subfield>
  </datafield>
  <datafield tag="245" ind1="1" ind2="0">
    <subfield code="a">&#x9AC;&#x999;&#x9CD;&#x997;&#x9BE;&#x9A8;&#x9C1;&#x9AC;&#x9BE;&#x9A6; &#x98F;&#x9B9; &#x987;&#x9AF;&#x9BC;&#x9BE;&#x993; &#x989;&#x9B2;&#x9C1;&#x9AE;&#x9BF;&#x9A6;&#x9CD;&#x9A6;&#x9C0;&#x9A8;, &#x9AC;&#x9BE;,  &#x98F;&#x9B9; &#x987;&#x9AF;&#x9BC;&#x9BE;&#x989;&#x9B2; &#x989;&#x9B2;&#x9C1;&#x9AE; : </subfield>
    <subfield code="b">(&#x9A6;&#x9C0;&#x9A8;&#x9BF; &#x98F;&#x9B2;&#x9AE;&#x9C7;&#x9B0; &#x9A8;&#x9AC; &#x99C;&#x9C0;&#x9AC;&#x9A8;) / </subfield>
    <subfield code="c">&#x987;&#x9AE;&#x9BE;&#x9AE; &#x997;&#x9BE;&#x99C;&#x9CD;&#x99C;&#x9BE;&#x9B2;&#x9C0; ; &#x9AC;&#x999;&#x9CD;&#x997;&#x9BE;&#x9A8;&#x9C1;&#x9AC;&#x9BE;&#x9A6; &#x9AB;&#x99C;&#x9B2;&#x9C1;&#x9B2; &#x995;&#x9B0;&#x9BF;&#x9AE;</subfield>
  </datafield>
  <datafield tag="246" ind1=" " ind2=" ">
    <subfield code="a">&#x98F;&#x9B9; &#x987;&#x9AF;&#x9BC;&#x9BE;&#x993; &#x989;&#x9B2;&#x9C1;&#x9AE;&#x9BF;&#x9A6;&#x9CD;&#x9A6;&#x9C0;&#x9A8;, &#x9AC;&#x9BE;,  &#x98F;&#x9B9; &#x987;&#x9AF;&#x9BC;&#x9BE;&#x989;&#x9B2; &#x989;&#x9B2;&#x9C1;&#x9AE; : </subfield>
    <subfield code="b">(&#x9A6;&#x9C0;&#x9A8;&#x9BF; &#x98F;&#x9B2;&#x9AE;&#x9C7;&#x9B0; &#x9A8;&#x9AC; &#x99C;&#x9C0;&#x9AC;&#x9A8;)</subfield>
  </datafield>
  <datafield tag="260" ind1=" " ind2=" ">
    <subfield code="a">&#x9A2;&#x9BE;&#x995;&#x9BE; : </subfield>
    <subfield code="b">&#x986;&#x99C;&#x9BF;&#x9AB;&#x9BE; &#x996;&#x9BE;&#x9A4;&#x9C1;&#x9A8;, </subfield>
    <subfield code="c">&#x9E7;&#x9EF;&#x9EC;&#x9E9;-&#x9E7;&#x9EF;&#x9EC;&#x9EC; </subfield>
  </datafield>
  <datafield tag="300" ind1=" " ind2=" ">
    <subfield code="a"> &#x996;&#x9A3;&#x9CD;&#x9A1; ; </subfield>
    <subfield code="c">&#x9E8;&#x9E7; &#x9B8;&#x9C7;&#x9AE;&#x9BF;. </subfield>
  </datafield>
  <datafield tag="505" ind1="0" ind2=" ">
    <subfield code="a">&#x996;&#x9A3;&#x9CD;&#x9A1; &#x9EB;, &#x9AC;&#x9BF;&#x9A8;&#x9BE;&#x9B6;&#x9A8; &#x9AA;&#x9C1;&#x9B8;&#x9CD;&#x9A4;&#x995;-&#x9E7;&#x9AE; &#x9AD;&#x9BE;&#x997; --  &#x996;&#x9A3;&#x9CD;&#x9A1; &#x9EC;, &#x9AC;&#x9BF;&#x9A8;&#x9BE;&#x9B6;&#x9A8; &#x9AA;&#x9C1;&#x9B8;&#x9CD;&#x9A4;&#x995;-&#x9E8;&#x9AF;&#x9BC; &#x9AD;&#x9BE;&#x997; -- &#x996;&#x9A3;&#x9CD;&#x9A1; &#x9ED;, &#x9AA;&#x9B0;&#x9BF;&#x9A4;&#x9CD;&#x9B0;&#x9BE;&#x9A3; &#x9AA;&#x9C1;&#x9B8;&#x9CD;&#x9A4;&#x995;-&#x9E7;&#x9AE; &#x9AD;&#x9BE;&#x997; -- &#x996;&#x9A3;&#x9CD;&#x9A1; &#x9EE;, &#x9AA;&#x9B0;&#x9BF;&#x9A4;&#x9CD;&#x9B0;&#x9BE;&#x9A3; &#x9AA;&#x9C1;&#x9B8;&#x9CD;&#x9A4;&#x995;-&#x9E8;&#x9AF;&#x9BC; &#x9AD;&#x9BE;&#x997; --  &#x996;&#x9A3;&#x9CD;&#x9A1; &#x9EF;, &#x9AA;&#x9B0;&#x9BF;&#x9A4;&#x9CD;&#x9B0;&#x9BE;&#x9A3; &#x9AA;&#x9C1;&#x9B8;&#x9CD;&#x9A4;&#x995;-&#x9E9;&#x9AF;&#x9BC; &#x9AD;&#x9BE;&#x997; -- </subfield>
  </datafield>
  <datafield tag="650" ind1=" " ind2=" ">
    <subfield code="a">&#x987;&#x9B8;&#x9B2;&#x9BE;&#x9AE; &#x9A7;&#x9B0;&#x9CD;&#x9AE;</subfield>
    <subfield code="9">136508</subfield>
  </datafield>
  <datafield tag="650" ind1=" " ind2=" ">
    <subfield code="a">Islam </subfield>
    <subfield code="9">136509</subfield>
  </datafield>
  <datafield tag="650" ind1=" " ind2=" ">
    <subfield code="a">&#x9B8;&#x9C1;&#x9AB;&#x9BF; &#x9A7;&#x9B0;&#x9CD;&#x9AE;&#x9C0;&#x9AF;&#x9BC; &#x99C;&#x9C0;&#x9AC;&#x9A8; &#x98F;&#x9AC;&#x982; &#x985;&#x9A8;&#x9C1;&#x9B6;&#x9C0;&#x9B2;&#x9A8;</subfield>
    <subfield code="9">125069</subfield>
  </datafield>
  <datafield tag="650" ind1=" " ind2=" ">
    <subfield code="a">Sufi religious life and practice</subfield>
    <subfield code="9">237217</subfield>
  </datafield>
  <datafield tag="700" ind1=" " ind2=" ">
    <subfield code="a">&#x995;&#x9B0;&#x9BF;&#x9AE;, &#x9AB;&#x99C;&#x9B2;&#x9C1;&#x9B2;, &#x985;&#x9A8;&#x9C1;&#x9AC;&#x9BE;&#x9A6;&#x995; </subfield>
    <subfield code="9">237218</subfield>
  </datafield>
  <datafield tag="942" ind1=" " ind2=" ">
    <subfield code="2">ddc</subfield>
    <subfield code="c">BK</subfield>
  </datafield>
  <datafield tag="999" ind1=" " ind2=" ">
    <subfield code="c">44477</subfield>
    <subfield code="d">44477</subfield>
  </datafield>
  <datafield tag="952" ind1=" " ind2=" ">
    <subfield code="0">0</subfield>
    <subfield code="1">0</subfield>
    <subfield code="2">ddc</subfield>
    <subfield code="4">0</subfield>
    <subfield code="7">0</subfield>
    <subfield code="8">NFIC</subfield>
    <subfield code="a">RUCL</subfield>
    <subfield code="b">RUCL</subfield>
    <subfield code="c">Stack</subfield>
    <subfield code="d">1967-01-13</subfield>
    <subfield code="e">N/A </subfield>
    <subfield code="g">6.00</subfield>
    <subfield code="l">0</subfield>
    <subfield code="o">B 297.44 GAB V-9(Pt-3) 1966</subfield>
    <subfield code="r">2016-07-18 00:00:00</subfield>
    <subfield code="t">C-2</subfield>
    <subfield code="w">2021-12-09</subfield>
    <subfield code="y">BK</subfield>
  </datafield>
  <datafield tag="952" ind1=" " ind2=" ">
    <subfield code="0">0</subfield>
    <subfield code="1">0</subfield>
    <subfield code="2">ddc</subfield>
    <subfield code="4">0</subfield>
    <subfield code="7">0</subfield>
    <subfield code="8">NFIC</subfield>
    <subfield code="a">RUCL</subfield>
    <subfield code="b">RUCL</subfield>
    <subfield code="c">Stack</subfield>
    <subfield code="d">1967-01-13</subfield>
    <subfield code="g">6.00</subfield>
    <subfield code="l">0</subfield>
    <subfield code="o">B 297.44 GAB V-7(Pt-1) 1963</subfield>
    <subfield code="r">2016-07-21 00:00:00</subfield>
    <subfield code="t">C-2</subfield>
    <subfield code="w">2021-12-09</subfield>
    <subfield code="y">BK</subfield>
  </datafield>
  <datafield tag="952" ind1=" " ind2=" ">
    <subfield code="0">0</subfield>
    <subfield code="1">0</subfield>
    <subfield code="2">ddc</subfield>
    <subfield code="4">0</subfield>
    <subfield code="7">1</subfield>
    <subfield code="8">NFIC</subfield>
    <subfield code="a">RUCL</subfield>
    <subfield code="b">RUCL</subfield>
    <subfield code="c">Reading</subfield>
    <subfield code="d">1967-01-13</subfield>
    <subfield code="e">N/A</subfield>
    <subfield code="g">6.00</subfield>
    <subfield code="l">0</subfield>
    <subfield code="o">B 297.44 GAB V-8(Pt-2) 1966</subfield>
    <subfield code="r">2016-08-07 00:00:00</subfield>
    <subfield code="t">C-1</subfield>
    <subfield code="w">2021-12-09</subfield>
    <subfield code="y">BK</subfield>
  </datafield>
  <datafield tag="952" ind1=" " ind2=" ">
    <subfield code="0">0</subfield>
    <subfield code="1">0</subfield>
    <subfield code="2">ddc</subfield>
    <subfield code="4">0</subfield>
    <subfield code="7">1</subfield>
    <subfield code="8">NFIC</subfield>
    <subfield code="a">RUCL</subfield>
    <subfield code="b">RUCL</subfield>
    <subfield code="c">Reading</subfield>
    <subfield code="d">1967-01-13</subfield>
    <subfield code="e">N/A</subfield>
    <subfield code="g">6.00</subfield>
    <subfield code="l">0</subfield>
    <subfield code="o">B 297.44 GAB V-9(Pt-3) 1966</subfield>
    <subfield code="r">2016-08-17 00:00:00</subfield>
    <subfield code="t">C-1</subfield>
    <subfield code="w">2021-12-09</subfield>
    <subfield code="y">BK</subfield>
  </datafield>
  <datafield tag="952" ind1=" " ind2=" ">
    <subfield code="0">0</subfield>
    <subfield code="1">0</subfield>
    <subfield code="2">ddc</subfield>
    <subfield code="4">0</subfield>
    <subfield code="7">1</subfield>
    <subfield code="8">NFIC</subfield>
    <subfield code="a">RUCL</subfield>
    <subfield code="b">RUCL</subfield>
    <subfield code="c">Reading</subfield>
    <subfield code="d">1967-01-17</subfield>
    <subfield code="e">N/A</subfield>
    <subfield code="g">6.00</subfield>
    <subfield code="l">0</subfield>
    <subfield code="o">B  297.44 GAB V-7(Pt-1) 1963</subfield>
    <subfield code="r">2016-12-05 00:00:00</subfield>
    <subfield code="t">C-1</subfield>
    <subfield code="w">2021-12-09</subfield>
    <subfield code="y">BK</subfield>
  </datafield>
  <datafield tag="952" ind1=" " ind2=" ">
    <subfield code="0">0</subfield>
    <subfield code="1">0</subfield>
    <subfield code="2">ddc</subfield>
    <subfield code="4">0</subfield>
    <subfield code="7">1</subfield>
    <subfield code="8">NFIC</subfield>
    <subfield code="a">RUCL</subfield>
    <subfield code="b">RUCL</subfield>
    <subfield code="c">Reading</subfield>
    <subfield code="d">1967-01-13</subfield>
    <subfield code="g">8.00</subfield>
    <subfield code="l">0</subfield>
    <subfield code="o">B 297.44  GAB V-6(Pt-2) 1963</subfield>
    <subfield code="r">2019-12-30 00:00:00</subfield>
    <subfield code="t">C-1</subfield>
    <subfield code="w">2021-12-09</subfield>
    <subfield code="y">BK</subfield>
  </datafield>
  <datafield tag="952" ind1=" " ind2=" ">
    <subfield code="0">0</subfield>
    <subfield code="1">0</subfield>
    <subfield code="2">ddc</subfield>
    <subfield code="4">0</subfield>
    <subfield code="7">1</subfield>
    <subfield code="8">NFIC</subfield>
    <subfield code="a">RUCL</subfield>
    <subfield code="b">RUCL</subfield>
    <subfield code="c">Reading</subfield>
    <subfield code="d">1967-01-31</subfield>
    <subfield code="l">0</subfield>
    <subfield code="o">B 297.44 GAB V-5(Pt-1) 1963</subfield>
    <subfield code="r">2019-12-30 00:00:00</subfield>
    <subfield code="t">C-1</subfield>
    <subfield code="w">2021-12-09</subfield>
    <subfield code="y">BK</subfield>
  </datafield>
  <datafield tag="952" ind1=" " ind2=" ">
    <subfield code="0">0</subfield>
    <subfield code="1">0</subfield>
    <subfield code="2">ddc</subfield>
    <subfield code="4">0</subfield>
    <subfield code="7">0</subfield>
    <subfield code="8">NFIC</subfield>
    <subfield code="a">RUCL</subfield>
    <subfield code="b">RUCL</subfield>
    <subfield code="c">Stack</subfield>
    <subfield code="d">2019-12-30</subfield>
    <subfield code="l">0</subfield>
    <subfield code="o">B 297.44 GAB V-5(Pt-1) 1963</subfield>
    <subfield code="r">2019-12-30 00:00:00</subfield>
    <subfield code="t">C-2</subfield>
    <subfield code="w">2021-12-09</subfield>
    <subfield code="y">BK</subfield>
  </datafield>
  <datafield tag="952" ind1=" " ind2=" ">
    <subfield code="0">0</subfield>
    <subfield code="1">0</subfield>
    <subfield code="2">ddc</subfield>
    <subfield code="4">0</subfield>
    <subfield code="7">1</subfield>
    <subfield code="8">NFIC</subfield>
    <subfield code="a">RUCL</subfield>
    <subfield code="b">RUCL</subfield>
    <subfield code="c">Reading</subfield>
    <subfield code="d">1967-01-17</subfield>
    <subfield code="e">N/A</subfield>
    <subfield code="g">6.00</subfield>
    <subfield code="l">0</subfield>
    <subfield code="o">B 297.44  GAB V-1 1960</subfield>
    <subfield code="r">2022-11-17 00:00:00</subfield>
    <subfield code="t">C-1</subfield>
    <subfield code="w">2022-11-17</subfield>
    <subfield code="y">BK</subfield>
  </datafield>
</record>
